Lời vàng của bố = Sh*t my dad says
Đã lưu trong:
| Tác giả chính: | |
|---|---|
| Định dạng: | Sách |
| Ngôn ngữ: | Undetermined |
| Được phát hành: |
Hà Nội
Lao động - Xã hội
2018
|
| Những chủ đề: | |
| Các nhãn: |
Thêm thẻ
Không có thẻ, Là người đầu tiên thẻ bản ghi này!
|
| Thư viện lưu trữ: | Trung tâm Học liệu Trường Đại học Cần Thơ |
|---|
| LEADER | 00618nam a2200205Ia 4500 | ||
|---|---|---|---|
| 001 | CTU_231070 | ||
| 008 | 210402s9999 xx 000 0 und d | ||
| 020 | |c 79000 | ||
| 082 | |a 818.02 | ||
| 082 | |b H195 | ||
| 100 | |a Halpern, Justin | ||
| 245 | 0 | |a Lời vàng của bố = | |
| 245 | 0 | |b Sh*t my dad says | |
| 245 | 0 | |c Justin Halpern ; Lê Khánh Toàn (dịch) | |
| 260 | |a Hà Nội | ||
| 260 | |b Lao động - Xã hội | ||
| 260 | |c 2018 | ||
| 650 | |a Dí dõm và hài hước Mỹ,American wit and humor | ||
| 904 | |i Hải | ||
| 980 | |a Trung tâm Học liệu Trường Đại học Cần Thơ | ||